Metalcore Band Logos - Statistics

General Stats
  • This quiz has been taken 198 times
  • The average score is 12 of 28
Answer Stats
Picture Answer % Correct
Avenged Sevenfold
85%
Motionless In White
81%
Asking Alexandria
76%
Bullet For My Valentine
75%
Sleep Token
74%
Bring Me The Horizon
63%
Trivium
63%
Of Mice & Men
55%
Architects
54%
Beartooth
50%
I Prevail
46%
While She Sleeps
45%
Parkway Drive
37%
The Amity Affliction
33%
Memphis May Fire
32%
Ice Nine Kills
30%
Killswitch Engage
29%
A Day To Remember
28%
Wage War
27%
The Devil Wears Prada
26%
Bad Omens
23%
Spiritbox
23%
Electric Callboy
21%
August Burns Red
19%
The Ghost Inside
19%
We Came As Romans
19%
As I Lay Dying
15%
Atreyu
9%
No matching quizzes found
Score Distribution
Percent of People with Each Score
Percentile by Number Answered
Your Score History
You have not taken this quiz